Problematika východiskovej hodnoty pri stanovení hodnoty pohľadávok habilitačná prednáška

Gespeichert in:
Bibliographische Detailangaben
1. Verfasser: Harumová, Anna, 1955-
Körperschaft: Ekonomická univerzita v Bratislave
Format: Buch
Sprache:Slowakisch
Veröffentlicht: Bratislava Fakulta podnikového manažmentu EU 2004
Schriftenreihe:Habilitačné a inauguračné prednášky
Schlagworte:
Tags: Tag hinzufügen
Keine Tags, Fügen Sie das erste Tag hinzu!

MARC

LEADER 00000nam$a2200000$$$4500
001 0020636
005 20250509104445.3
041 0 |a slo 
044 |a SK 
245 1 0 |a Problematika východiskovej hodnoty pri stanovení hodnoty pohľadávok  |b habilitačná prednáška  |c Anna Harumová 
264 1 |a Bratislava  |b Fakulta podnikového manažmentu EU  |c 2004 
300 |a 47 s. 
490 1 |a Habilitačné a inauguračné prednášky 
830 0 |a Habilitačné a inauguračné prednášky 
610 2 0 |a pohľadávky 
610 2 0 |a hodnota 
610 2 0 |a oceňovanie 
610 2 0 |a súvaha 
610 2 0 |a závierka účtovná 
610 2 0 |a dane 
610 2 0 |a reporting 
100 1 |a Harumová, Anna, 1955- 
710 2 |a Ekonomická univerzita v Bratislave